|
|
|
|
| LEADER |
00715nam a22001932a 4500 |
| 001 |
000456186 |
| 003 |
CZ BrMZK |
| 005 |
20020626103255.0 |
| 008 |
010907s1970 xr f cze d |
| 040 |
|
|
|a BOA001
|b cze
|c BOA001
|
| 100 |
1 |
|
|a Bartůšková, Sylva,
|d 1937-2024
|7 jk01011020
|4 aut
|
| 245 |
1 |
0 |
|a Jan Vrba a jeho beletrie o přírodě :
|b několik poznámek k přírodnímu žánru /
|c Sylva Bartůšková
|
| 260 |
|
|
|a [Praha :
|b Československá akademie věd],
|c 1970
|
| 300 |
|
|
|a s. 463-474
|
| 500 |
|
|
|a Separát z: Česká literatura, 1970
|
| 500 |
|
|
|a Souhrn německy
|
| 910 |
|
|
|a BOA001
|b X-0701.088
|
| 990 |
|
|
|a BK
|
| 996 |
7 |
|
|b 2619777259
|c X-0701.088
|l MZK
|r Sklad / do 24 hodin
|n 8
|w 000456186
|u 000010
|a 1
|e BOA001
|j MZK50
|s A
|